[Event "POL-chT3 U19 Slaska"]
[Site "Slask"]
[Date "2007.05.20"]
[Round "11.14"]
[White "Urbanski, Marcin"]
[Black "Grygierczyk, Wojciech"]
[Result "1-0"]
[WhiteElo "1851"]
[BlackElo "1736"]
[PlyCount "103"]
[EventDate "2007.01.27"]
[EventType "team-tourn"]
[EventRounds "11"]
[EventCountry "POL"]
[SourceTitle "EXT 2019"]
[Source "ChessBase"]
[SourceDate "2018.10.10"]
[SourceVersion "1"]
[SourceVersionDate "2018.10.10"]
[SourceQuality "1"]
[WhiteTeam "Cieszyn MUKS SZS U19"]
[BlackTeam "Katowice UKS Palac Mlodziezy U19"]
[WhiteTeamCountry "POL"]
[BlackTeamCountry "POL"]

1. e4 e6 2. d4 d5 3. exd5 exd5 4. Bd3 Bd6 5. Nf3 Bg4 6. c3 Ne7 7. 0-0 Nbc6 8. Bg5 h6 9. Bh4 Qd7 10. Nbd2 0-0-0 11. b4 Rdg8 12. Qa4 Kb8 13. b5 Nd8 14. Ne5 Bxe5 15. dxe5 g5 16. Bg3 h5 17. Nb3 Ne6 18. f3 Bf5 19. Bxf5 Nxf5 20. Bf2 a6 21. Qa3 Qxb5 22. Rab1 Qd7 23. Rb2 g4 24. fxg4 hxg4 25. Nc5 Nxc5 26. Qxc5 d4 27. Bxd4 Nxd4 28. Qxd4 Qxd4+ 29. cxd4 Rd8 30. Rf4 Rhg8 31. Kf2 Rg5 32. Rc2 Rd7 33. Kg3 b5 34. Rxg4 Rxg4+ 35. Kxg4 Rxd4+ 36. Kf5 Kc8 37. g4 a5 38. h4 Kd7 39. h5 Rd3 40. Rh2 Ke7 41. h6 Rd8 42. Rc2 Rh8 43. Rxc7+ Kd8 44. Rc6 Ke7 45. g5 b4 46. Rc7+ Kd8 47. Ra7 Rh7 48. Rxa5 Ke7 49. Ra7+ Kf8 50. Rb7 b3 51. Rxb3 Ke7 52. Rb7+ 1-0